<?xml version="1.0" encoding="UTF-8"?>
<record
    xmlns:xsi="http://www.w3.org/2001/XMLSchema-instance"
    xsi:schemaLocation="http://www.loc.gov/MARC21/slim http://www.loc.gov/standards/marcxml/schema/MARC21slim.xsd"
    xmlns="http://www.loc.gov/MARC21/slim">

  <leader>00535nam a22001577a 4500</leader>
  <controlfield tag="003">OSt</controlfield>
  <controlfield tag="005">20151118154249.0</controlfield>
  <controlfield tag="008">151118b        xxu||||| |||| 00| 0 eng d</controlfield>
  <datafield tag="040" ind1=" " ind2=" ">
    <subfield code="c">RUA</subfield>
  </datafield>
  <datafield tag="082" ind1=" " ind2=" ">
    <subfield code="a">FIS &#x179F;&#x17BB;&#x1780; 1994 B154 Or.1</subfield>
  </datafield>
  <datafield tag="100" ind1=" " ind2=" ">
    <subfield code="9">3882</subfield>
    <subfield code="a">&#x179F;&#x17BB;&#x1780; &#x179F;&#x1798;&#x17D2;&#x1795;&#x179F;&#x17D2;&#x179F;&#x1797;&#x1780;&#x17D2;&#x178F;&#x17B7;</subfield>
  </datafield>
  <datafield tag="245" ind1=" " ind2=" ">
    <subfield code="a">Potentials for integrated fish farming, &#x179F;&#x1780;&#x17D2;&#x178A;&#x17B6;&#x1793;&#x17BB;&#x1796;&#x179B;&#x1793;&#x17C3;&#x1794;&#x17D2;&#x179A;&#x1796;&#x17D0;&#x1793;&#x17D2;&#x1792;&#x1785;&#x17B7;&#x1789;&#x17D2;&#x1785;&#x17B9;&#x1798;&#x1785;&#x17C6;&#x179A;&#x17BB;&#x17C7;,</subfield>
  </datafield>
  <datafield tag="260" ind1=" " ind2=" ">
    <subfield code="a">Phnom Penh </subfield>
    <subfield code="b">RUA </subfield>
    <subfield code="c">1994</subfield>
  </datafield>
  <datafield tag="300" ind1=" " ind2=" ">
    <subfield code="a">96p.</subfield>
    <subfield code="b">ill.</subfield>
    <subfield code="c">29cm.</subfield>
  </datafield>
  <datafield tag="942" ind1=" " ind2=" ">
    <subfield code="2">ddc</subfield>
    <subfield code="c">FIS</subfield>
  </datafield>
  <datafield tag="999" ind1=" " ind2=" ">
    <subfield code="c">3609</subfield>
    <subfield code="d">3609</subfield>
  </datafield>
  <datafield tag="952" ind1=" " ind2=" ">
    <subfield code="0">0</subfield>
    <subfield code="1">0</subfield>
    <subfield code="2">ddc</subfield>
    <subfield code="4">0</subfield>
    <subfield code="6">FIS_&#x179F;&#x17BB;&#x1780;_1994_000000000000000_B154_OR_1</subfield>
    <subfield code="7">0</subfield>
    <subfield code="9">17596</subfield>
    <subfield code="a">LBB</subfield>
    <subfield code="b">LBB</subfield>
    <subfield code="c">B154</subfield>
    <subfield code="d">2015-11-18</subfield>
    <subfield code="o">FIS &#x179F;&#x17BB;&#x1780; 1994 B154 Or.1</subfield>
    <subfield code="p">RUA028578</subfield>
    <subfield code="r">2015-11-18</subfield>
    <subfield code="w">2015-11-18</subfield>
    <subfield code="y">FIS</subfield>
  </datafield>
  <datafield tag="952" ind1=" " ind2=" ">
    <subfield code="0">0</subfield>
    <subfield code="1">0</subfield>
    <subfield code="2">ddc</subfield>
    <subfield code="4">0</subfield>
    <subfield code="6">FIS_&#x179F;&#x17BB;&#x1780;_1994_000000000000000_B154_OR_2</subfield>
    <subfield code="7">0</subfield>
    <subfield code="9">17597</subfield>
    <subfield code="a">LBB</subfield>
    <subfield code="b">LBB</subfield>
    <subfield code="c">B154</subfield>
    <subfield code="d">2015-11-18</subfield>
    <subfield code="o">FIS &#x179F;&#x17BB;&#x1780; 1994 B154 Or.2</subfield>
    <subfield code="p">RUA011834</subfield>
    <subfield code="r">2015-11-18</subfield>
    <subfield code="w">2015-11-18</subfield>
    <subfield code="y">FIS</subfield>
  </datafield>
  <datafield tag="952" ind1=" " ind2=" ">
    <subfield code="0">0</subfield>
    <subfield code="1">0</subfield>
    <subfield code="2">ddc</subfield>
    <subfield code="4">0</subfield>
    <subfield code="6">FIS_&#x179F;&#x17BB;&#x1780;_1994_000000000000000_B154_OR_3</subfield>
    <subfield code="7">0</subfield>
    <subfield code="9">17598</subfield>
    <subfield code="a">LBB</subfield>
    <subfield code="b">LBB</subfield>
    <subfield code="c">B154</subfield>
    <subfield code="d">2015-11-18</subfield>
    <subfield code="o">FIS &#x179F;&#x17BB;&#x1780; 1994 B154 Or.3</subfield>
    <subfield code="p">RUA011675</subfield>
    <subfield code="r">2015-11-18</subfield>
    <subfield code="w">2015-11-18</subfield>
    <subfield code="y">FIS</subfield>
  </datafield>
  <datafield tag="952" ind1=" " ind2=" ">
    <subfield code="0">0</subfield>
    <subfield code="1">0</subfield>
    <subfield code="2">ddc</subfield>
    <subfield code="4">0</subfield>
    <subfield code="6">FIS_&#x179F;&#x17BB;&#x1780;_1994_000000000000000_B154_OR_4</subfield>
    <subfield code="7">0</subfield>
    <subfield code="9">17599</subfield>
    <subfield code="a">LBB</subfield>
    <subfield code="b">LBB</subfield>
    <subfield code="c">B154</subfield>
    <subfield code="d">2015-11-18</subfield>
    <subfield code="o">FIS &#x179F;&#x17BB;&#x1780; 1994 B154 Or.4</subfield>
    <subfield code="p">RUA011966</subfield>
    <subfield code="r">2015-11-18</subfield>
    <subfield code="w">2015-11-18</subfield>
    <subfield code="y">FIS</subfield>
  </datafield>
  <datafield tag="952" ind1=" " ind2=" ">
    <subfield code="0">0</subfield>
    <subfield code="1">0</subfield>
    <subfield code="2">ddc</subfield>
    <subfield code="4">0</subfield>
    <subfield code="6">FIS_&#x179F;&#x17BB;&#x1780;_1994_000000000000000_B154_OR_5</subfield>
    <subfield code="7">0</subfield>
    <subfield code="9">17600</subfield>
    <subfield code="a">LBB</subfield>
    <subfield code="b">LBB</subfield>
    <subfield code="c">B154</subfield>
    <subfield code="d">2015-11-18</subfield>
    <subfield code="o">FIS &#x179F;&#x17BB;&#x1780; 1994 B154 Or.5</subfield>
    <subfield code="p">RUA011751</subfield>
    <subfield code="r">2015-11-18</subfield>
    <subfield code="w">2015-11-18</subfield>
    <subfield code="y">FIS</subfield>
  </datafield>
  <datafield tag="952" ind1=" " ind2=" ">
    <subfield code="0">0</subfield>
    <subfield code="1">0</subfield>
    <subfield code="2">ddc</subfield>
    <subfield code="4">0</subfield>
    <subfield code="6">FIS_&#x179F;&#x17BB;&#x1780;_1994_000000000000000_B154_OR_6</subfield>
    <subfield code="7">0</subfield>
    <subfield code="9">17601</subfield>
    <subfield code="a">LBB</subfield>
    <subfield code="b">LBB</subfield>
    <subfield code="c">B154</subfield>
    <subfield code="d">2015-11-18</subfield>
    <subfield code="o">FIS &#x179F;&#x17BB;&#x1780; 1994 B154 Or.6</subfield>
    <subfield code="p">RUA011096</subfield>
    <subfield code="r">2015-11-18</subfield>
    <subfield code="w">2015-11-18</subfield>
    <subfield code="y">FIS</subfield>
  </datafield>
  <datafield tag="952" ind1=" " ind2=" ">
    <subfield code="0">0</subfield>
    <subfield code="1">0</subfield>
    <subfield code="2">ddc</subfield>
    <subfield code="4">0</subfield>
    <subfield code="6">FIS_&#x179F;&#x17BB;&#x1780;_1994_000000000000000_B154_OR_7</subfield>
    <subfield code="7">0</subfield>
    <subfield code="9">17602</subfield>
    <subfield code="a">LBB</subfield>
    <subfield code="b">LBB</subfield>
    <subfield code="c">B154</subfield>
    <subfield code="d">2015-11-18</subfield>
    <subfield code="o">FIS &#x179F;&#x17BB;&#x1780; 1994 B154 Or.7</subfield>
    <subfield code="p">RUA011760</subfield>
    <subfield code="r">2015-11-18</subfield>
    <subfield code="w">2015-11-18</subfield>
    <subfield code="y">FIS</subfield>
  </datafield>
</record>
